TRANSCOM 2005 section 2: Economics and management

Salvato in:
Dettagli Bibliografici
Ente Autore: TRANSCOM 2005. European conference of young research and science workers in transport and telecommunications
Natura: Libro
Lingua:inglese
tedesco
Pubblicazione: Žilina University of Žilina 2005
Soggetti:
Tags: Aggiungi Tag
Nessun Tag, puoi essere il primo ad aggiungerne!!

MARC

LEADER 00000nam$a2200000$$$4500
001 0056295
005 20240104134348.6
020 |a 80-8070-413-9 
041 0 |a eng 
041 0 |a ger 
044 |a SK 
245 1 0 |a TRANSCOM 2005  |b section 2: Economics and management 
264 1 |a Žilina  |b University of Žilina  |c 2005 
300 |a 264 s. 
610 2 0 |a doprava 
610 2 0 |a hospodárstvo dopravné 
610 2 0 |a riadenie 
610 2 0 |a manažment 
610 2 0 |a logistika 
610 2 0 |a preprava 
610 2 0 |a služby dopravné 
610 2 0 |a telekomunikácie 
110 2 |a TRANSCOM 2005. European conference of young research and science workers in transport and telecommunications